| 000 | nam a22 a 4500 | ||
|---|---|---|---|
| 999 |
_c65819 _d65819 |
||
| 003 | BLK | ||
| 005 | 20210205153241.0 | ||
| 008 | 180408b bul|||||r ||||||| ||bul|| | ||
| 010 | _aKNG00070101000 | ||
| 040 | _aBLK | ||
| 041 |
_aBUL _cBUL |
||
| 080 |
_aПрофесии. Професионални проблеми - Видове професии, професионални групи. Професионално ориентиране и др. Подразделят се със съотношение (331.54:023 - Библиотекарска професия) _b331.54 _x(497.2)(035) _z331.54(497.2)(035) |
||
| 110 | 1 |
_aБългария. Министерство на труда и социалната политика _9266613 |
|
| 139 |
_aБългария. Министерство на труда и социалната политика _bБ 92 |
||
| 245 | 1 | 0 |
_aНационална класификация на професиите и длъжностите в България _bВалидна за 2007 |
| 257 | _aBGR | ||
| 260 |
_bИкономика-прес _c2007 _aСофия |
||
| 300 |
_a448 с. _bс табл. _c29 см |
||
| 380 | _a3 | ||
| 500 | _aСъдържа и Въпроси и отговори по НКПД ; 30 длъжностни характеристики. | ||
| 650 | 4 |
_aПрофесии и видове труд - България _9266614 |
|
| 651 | 4 |
_aБългария _9241624 |
|
| 653 | _aдлъжностни характеристики | ||
| 653 | _aкласификатори | ||
| 653 | _aпрофесии | ||
| 653 | _aсправочници | ||
| 852 |
_aЦб ІІ 14186 _bЦб |
||
| 856 | 4 | _qpdf | |
| 856 | 4 | _qpdf | |
| 942 |
_cKNG _n0 _s1 |
||
| 944 |
_aCR _c18.12.2006 _kЛюдмила_Стоянова |
||
| 944 |
_aED _c30.11.2007 |
||
| 999 | _d65819 | ||